000 00919cab a22002175a 4500
001 L157168
008 120913s2012 xxk 000 0 eng d
035 _a(Sirsi) u157168
041 0 _aeng
100 1 _aBoshoff, D.G.B.
245 0 4 _aThe development approach to valuation
_ban acceptable method
260 _c2012
490 0 _aThe South African Valuer
_v(109) July 2012, 16-20(5)
520 _aStudies in a South African context the validity of the residual land or development approach to valuation where comparable evidence is not available. Points out the shortcomings of this method but concludes that it can give accurate assessments of property values that would otherwise not have been possible.
590 _aKA
650 2 4 _aESTATE MARKS V PRETORIA CITY COUNCIL
650 2 4 _aBRAAMFONTEIN CO LTD V JOHANNESBURG MUNICIPALITY
651 4 _aSouth Africa
690 _aValuation
_96273
942 _n0
999 _c84274
_d84274